00761 2200241 4500001002100000005001500021035002000036007000300056008004100059020002200100082001000122084001600132100001600148245008300164250002000247260004000267300005200307650001700359700002900376700003300405700004500438856003600483INLIS00000000113737620220118023829 a0010-0122002484ta220118 g 0 ind  a978-602-286-045-7 a297.6 a297.6 NUR s0 aNurul Ihsan1 a99 Komik Hadist Pilihan :bCharacter Building Untuk Anak Muslim /cNurul Ihsan aCetakan Pertama aJakarta Selatan :bAnak Kita,c2017 aiv, 100 halaman :bilustrasi ;c19 x 26 cme... 4akomik Hadits0 aPenyunting: Juliagar R.N0 aIlustrator: Uci Ahmad Sanusi0 aDesain Cover & Penata Letak: Di2t Sasono aPerpustakaan Umum Kota Makassar